000
00481nam a2200145Ia 4500
008
100122s9999 xx 000 0 und d
082
_b
22031
_a
823
100
_a
बेलवलकर वासुदेव
245
_a
कळस चढविला मंदिरी
260
_b
ललिता भावे
_c
1971
300
_a
519
630
_a
कळस चढविला मंदिरी
730
_a
कळस चढविला मंदिरी
942
_c
BOOK
999
_c
409985
_d
409982